[Event "XXXV Festival Conca della Presolana Magistrale"]
[Site "Castione della Presolana ITA"]
[Date "2015.08.22"]
[Round "1"]
[White "Bonato, Mariano"]
[Black "Ranfagni, Stefano"]
[WhiteElo "2177"]
[BlackElo "1970"]
[Result "1/2-1/2"]
[PlyCount "92"]
[EventDate "2015.08.22"]

1. e4 e6 2. d4 d5 3. Nd2 Nf6 4. e5 Nfd7 5. Ngf3 c5 6. c3 Nc6 7. Be2 cxd4 8.
cxd4 f6 9. exf6 Nxf6 10. O-O Bd6 11. Re1 O-O 12. Nf1 Bd7 13. Ng3 Qc7 14. Bg5
Bf4 15. a3 Bxg5 16. Nxg5 Qf4 17. Nf3 Ne4 18. Bd3 Ng5 19. Nxg5 Qxg5 20. Bb5 Qf6
21. f3 a6 22. Bxc6 Bxc6 23. Qd2 Rac8 24. Re5 Qf4 25. Qxf4 Rxf4 26. Ne2 Rf6 27.
Rc1 Bd7 28. Rxc8+ Bxc8 29. Kf2 Kf7 30. g3 Bd7 31. Re3 Ke7 32. Nf4 Kd6 33. Nd3
b6 34. Ne5 Rf8 35. Rc3 Rc8 36. Rxc8 Bxc8 37. b4 Bd7 38. Nxd7 Kxd7 39. Ke3 Kc6
40. a4 a5 41. bxa5 bxa5 42. Kf4 Kd6 43. h4 g6 44. g4 h6 45. Ke3 Ke7 46. Kf4 Kd6
1/2-1/2

[Event "XXXV Festival Conca della Presolana Magistrale"]
[Site "Castione della Presolana ITA"]
[Date "2015.08.22"]
[Round "1"]
[White "Bonazzi, Edoardo"]
[Black "Aghayev, Miragha"]
[WhiteElo "2113"]
[BlackElo "2354"]
[Result "0-1"]
[PlyCount "58"]
[EventDate "2015.08.22"]

1. c4 Nf6 2. g3 c5 3. Nf3 d5 4. cxd5 Nxd5 5. Nc3 Nc6 6. Nxd5 Qxd5 7. Bg2 e5 8.
O-O Be7 9. d3 O-O 10. Be3 Qe6 11. a3 Bd7 12. Rc1 b6 13. Nd2 Rac8 14. Ne4 Nd4
15. Nc3 Bc6 16. Bxc6 Qxc6 17. Bxd4 exd4 18. Ne4 Qe6 19. Re1 c4 20. Qa4 f5 21.
Nd2 Bg5 22. Rcd1 c3 23. bxc3 dxc3 24. Nb3 c2 25. Ra1 Bf6 26. d4 Rc4 27. Qxa7
Rc3 28. Nc1 Bxd4 29. Ra2 f4 0-1

[Event "XXXV Festival Conca della Presolana Magistrale"]
[Site "Castione della Presolana ITA"]
[Date "2015.08.22"]
[Round "1"]
[White "Cebalo, Miso"]
[Black "Gennari, Jacopo"]
[WhiteElo "2397"]
[BlackElo "2125"]
[Result "1-0"]
[PlyCount "51"]
[EventDate "2015.08.22"]

1. d4 d5 2. c4 c6 3. Nf3 Nf6 4. Nc3 e6 5. Bg5 dxc4 6. a4 Bb4 7. e4 Bxc3+ 8.
bxc3 Qa5 9. e5 Ne4 10. Bd2 Nxd2 11. Qxd2 Qd5 12. a5 c5 13. dxc5 Qxc5 14. Qd4
Qxd4 15. cxd4 c3 16. Bd3 Nc6 17. Ke2 Bd7 18. Rhc1 Rc8 19. Ra3 Ke7 20. Rcxc3 Nb4
21. Be4 Bc6 22. Bxc6 Rxc6 23. Rcb3 Nc2 24. Rxb7+ Kd8 25. Rab3 Rf8 26. Rxa7 1-0

[Event "XXXV Festival Conca della Presolana Magistrale"]
[Site "Castione della Presolana ITA"]
[Date "2015.08.22"]
[Round "1"]
[White "Coppola, Federico"]
[Black "Vuelban, Virgilio"]
[WhiteElo "2092"]
[BlackElo "2349"]
[Result "0-1"]
[PlyCount "58"]
[EventDate "2015.08.22"]

1. Nf3 Nf6 2. c4 c6 3. g3 d5 4. Bg2 g6 5. Qa4 Bg7 6. cxd5 Nxd5 7. O-O O-O 8.
Nc3 Nd7 9. d4 N5b6 10. Qc2 e5 11. Rd1 exd4 12. Nxd4 Qe7 13. Bf4 Ne5 14. Rac1 h6
15. b3 g5 16. Bxe5 Qxe5 17. Rd2 Bd7 18. Ne4 Rae8 19. Nc5 Bc8 20. Rcd1 f5 21. e3
Kh8 22. a4 Nd5 23. Bxd5 cxd5 24. Nd3 Qe4 25. Nb4 f4 26. Qxe4 dxe4 27. Rc1 Rd8
28. Rc7 Be5 29. Re7 Bd6 0-1

[Event "XXXV Festival Conca della Presolana Magistrale"]
[Site "Castione della Presolana ITA"]
[Date "2015.08.22"]
[Round "1"]
[White "Ferretti, Folco"]
[Black "Ricci, Marco"]
[WhiteElo "2211"]
[BlackElo "2040"]
[Result "1/2-1/2"]
[PlyCount "92"]
[EventDate "2015.08.22"]

1. Nf3 Nf6 2. d4 g6 3. Nc3 d5 4. Bf4 c6 5. e3 Qb6 6. a3 Nh5 7. Bg5 h6 8. Bh4
Bg7 9. Bd3 g5 10. Ne5 Bxe5 11. dxe5 gxh4 12. Qxh5 Qxb2 13. Kd2 Qb6 14. Qxh4 Be6
15. Rab1 Qc7 16. f4 Na6 17. f5 Bd7 18. Qd4 e6 19. Bxa6 bxa6 20. Na4 Rb8 21.
Rxb8+ Qxb8 22. Nc5 Qb6 23. Rf1 Rg8 24. g3 exf5 25. Rf4 Be6 26. Qc3 Rg4 27. Rb4
Rxb4 28. axb4 Qb5 29. Nd3 Kd7 30. Qd4 Qb6 31. Nc5+ Ke8 32. Qh4 a5 33. Kc3 Bc8
34. Qd4 axb4+ 35. Qxb4 Qb5 36. Qd4 a5 37. Nd3 Ba6 38. Qa7 Qc4+ 39. Kd2 a4 40.
Qb8+ Kd7 41. Qd6+ Ke8 42. e6 fxe6 43. Qxe6+ Kd8 44. Qf6+ Kc7 45. Qf8 Qe4 46.
Qc5 Bxd3 1/2-1/2

[Event "XXXV Festival Conca della Presolana Magistrale"]
[Site "Castione della Presolana ITA"]
[Date "2015.08.22"]
[Round "1"]
[White "Franciosi, Fausto"]
[Black "Janev, Evgeni"]
[WhiteElo "2139"]
[BlackElo "2409"]
[Result "0-1"]
[PlyCount "70"]
[EventDate "2015.08.22"]

1. Nf3 Nf6 2. g3 g6 3. Bg2 Bg7 4. O-O O-O 5. d3 d6 6. e4 c5 7. c3 Nc6 8. Re1 e5
9. a3 a6 10. b4 Be6 11. Nbd2 h6 12. Bb2 Nd7 13. Rb1 b5 14. d4 cxd4 15. cxd4
exd4 16. Nb3 Bxb3 17. Qxb3 Re8 18. Rbd1 Qb6 19. Re2 a5 20. Red2 axb4 21. axb4
Ra4 22. Bxd4 Bxd4 23. Nxd4 Rxb4 24. Qe3 Nxd4 25. Rxd4 Rxd4 26. Qxd4 Rb8 27.
Qxd6 Qxd6 28. Rxd6 Ne5 29. Rd5 Nc6 30. Bf1 b4 31. Rd2 b3 32. Rb2 Na5 33. e5 Rc8
34. Bd3 Rc3 35. Be2 Rc2 0-1

[Event "XXXV Festival Conca della Presolana Magistrale"]
[Site "Castione della Presolana ITA"]
[Date "2015.08.22"]
[Round "1"]
[White "Hunt, Adam C."]
[Black "Cocconcelli, Lorenzo"]
[WhiteElo "2427"]
[BlackElo "2139"]
[Result "1-0"]
[PlyCount "73"]
[EventDate "2015.08.22"]

1. e4 e6 2. d4 d5 3. Nc3 Bb4 4. e5 Ne7 5. a3 Bxc3+ 6. bxc3 c5 7. h4 Nbc6 8. h5
h6 9. Qg4 Nf5 10. Bd3 Nce7 11. Nf3 Qc7 12. O-O Bd7 13. Qh3 c4 14. Be2 Nc6 15.
a4 Qa5 16. g4 Nfe7 17. Nh4 O-O-O 18. Ba3 Rdg8 19. Bd6 g6 20. hxg6 fxg6 21. f4
g5 22. Ng2 gxf4 23. Rxf4 h5 24. gxh5 Nf5 25. Bg4 Rxg4 26. Rxg4 Nxd6 27. exd6 e5
28. Qg3 Bxg4 29. Qxg4+ Kb8 30. Qg7 Qd8 31. dxe5 Rxh5 32. Rb1 b6 33. Rf1 Rh8 34.
e6 Re8 35. Rf8 Rxf8 36. e7 Rf1+ 37. Kxf1 1-0

[Event "XXXV Festival Conca della Presolana Magistrale"]
[Site "Castione della Presolana ITA"]
[Date "2015.08.22"]
[Round "1"]
[White "Lain, Luigi"]
[Black "Sulava, Nenad"]
[WhiteElo "2143"]
[BlackElo "2442"]
[Result "1/2-1/2"]
[PlyCount "79"]
[EventDate "2015.08.22"]

1. d4 e6 2. c4 b6 3. e4 Bb7 4. Nc3 Bb4 5. Qc2 Qh4 6. Bd3 f5 7. Nf3 Bxc3+ 8.
Qxc3 Qg4 9. O-O Bxe4 10. Bxe4 fxe4 11. Ne5 Qh4 12. f3 d6 13. Ng4 Nd7 14. Qc2
Ngf6 15. g3 Qh5 16. Nxf6+ Nxf6 17. fxe4 O-O 18. Qg2 e5 19. d5 Nxe4 20. Qxe4
Rxf1+ 21. Kxf1 Qxh2 22. Be3 Rf8+ 23. Ke1 Qxb2 24. Rb1 Qxa2 25. Bd2 Rf3 26. Qxf3
Qxb1+ 27. Ke2 h6 28. Qg4 Kh7 29. Qd7 Qe4+ 30. Kf2 Qc2 31. Ke1 Qe4+ 32. Kf2 Qc2
33. Ke1 Qxc4 34. Qf5+ Kg8 35. Qc8+ Kf7 36. Qe6+ Kf8 37. Qc8+ Ke7 38. Qe6+ Kd8
39. Qg8+ Kd7 40. Qe6+ 1/2-1/2

[Event "XXXV Festival Conca della Presolana Magistrale"]
[Site "Castione della Presolana ITA"]
[Date "2015.08.22"]
[Round "1"]
[White "Motola, Jacopo"]
[Black "Madiai, Federico"]
[WhiteElo "2061"]
[BlackElo "2227"]
[Result "1/2-1/2"]
[PlyCount "160"]
[EventDate "2015.08.22"]

1. e4 c5 2. Nc3 Nc6 3. g3 g6 4. Bg2 Bg7 5. d3 Rb8 6. a4 d6 7. f4 Nd4 8. Nf3 Bg4
9. h3 Bxf3 10. Bxf3 Nf6 11. O-O O-O 12. Kg2 a6 13. Be3 Nd7 14. Ra2 Re8 15. Ne2
Qc7 16. c3 Nxf3 17. Rxf3 Qc6 18. g4 d5 19. Ng3 dxe4 20. dxe4 Red8 21. Qc2 c4
22. Ra1 b5 23. axb5 Rxb5 24. Rf2 Rb3 25. Qd1 Rdb8 26. Ra2 Nf6 27. g5 Nh5 28.
Qd5 Qxd5 29. exd5 Nxg3 30. Kxg3 h5 31. Kf3 R8b5 32. Ke4 a5 33. Bd4 Bf8 34. Be5
Rc5 35. Ra4 Rbb5 36. Rd2 Rc8 37. Rd4 Rbc5 38. h4 Bg7 39. Rd1 Rd8 40. d6 exd6
41. Rxd6 Rb8 42. Bxg7 Kxg7 43. Ra2 Re8+ 44. Kf3 Re1 45. Rd4 Rh1 46. Kg3 Rg1+
47. Kh2 Rb1 48. Kg2 Kf8 49. Re4 Rd1 50. Re2 Rd3 51. Ra4 Kg7 52. Re4 Rd2+ 53.
Kf3 Rb5 54. Rexc4 Rdxb2 55. Rc7 Rc2 56. Ke3 Rh2 57. c4 Rb3+ 58. Ke4 Rxh4 59. c5
Rhh3 60. Rc4 Rbd3 61. Ke5 h4 62. Rb7 Rhe3+ 63. Re4 Rxe4+ 64. Kxe4 Rc3 65. Kd5
h3 66. Rb2 a4 67. c6 a3 68. Ra2 Kf8 69. Kd6 Rd3+ 70. Kc7 Rb3 71. Kc8 Ke7 72. c7
Ke6 73. Rc2 Rb2 74. Rc6+ Ke7 75. Rc1 a2 76. Rd1 Kf8 77. Kd7 Rd2+ 78. Kc6 Rc2+
79. Kb7 Rb2+ 80. Ka8 Rc2 1/2-1/2

[Event "XXXV Festival Conca della Presolana Magistrale"]
[Site "Castione della Presolana ITA"]
[Date "2015.08.22"]
[Round "1"]
[White "Movsziszian, Karen"]
[Black "Brociner, Beniamino"]
[WhiteElo "2457"]
[BlackElo "2167"]
[Result "1-0"]
[PlyCount "53"]
[EventDate "2015.08.22"]

1. g3 d5 2. Bg2 Nf6 3. d3 e5 4. Nf3 Nc6 5. O-O Be7 6. c3 a5 7. Nbd2 O-O 8. e4
d4 9. cxd4 exd4 10. h3 Nd7 11. Ne1 a4 12. f4 Nc5 13. g4 Nb4 14. Ndf3 Be6 15. a3
Nb3 16. Rb1 Na6 17. f5 Bd7 18. Bf4 c5 19. g5 Rc8 20. Ne5 Bb5 21. Qh5 g6 22. Qh6
Re8 23. Nxf7 Bf8 24. Qh4 Qb6 25. Ne5 Rxe5 26. Bxe5 Nd2 27. fxg6 1-0

[Event "XXXV Festival Conca della Presolana Magistrale"]
[Site "Castione della Presolana ITA"]
[Date "2015.08.22"]
[Round "1"]
[White "Negro, Roberto"]
[Black "Orlov, Andrey"]
[WhiteElo "2169"]
[BlackElo "2489"]
[Result "0-1"]
[PlyCount "80"]
[EventDate "2015.08.22"]

1. c4 c5 2. g3 Nf6 3. Bg2 e6 4. Nf3 a6 5. O-O Qc7 6. b3 Be7 7. Bb2 b6 8. e3 Bb7
9. Qe2 O-O 10. Rd1 d6 11. Nc3 Nbd7 12. d4 cxd4 13. Rxd4 Rab8 14. Rc1 h6 15.
Rdd1 Rfc8 16. h3 Nc5 17. Kh2 Qd7 18. Ne5 Qe8 19. Bxb7 Rxb7 20. Ng4 Nfe4 21.
Nxe4 Nxe4 22. f3 Nc5 23. f4 Bf8 24. e4 Rbc7 25. e5 dxe5 26. Bxe5 Rd7 27. Bb2
Rcd8 28. Ne5 Rxd1 29. Rxd1 Rxd1 30. Qxd1 f6 31. Ng4 h5 32. Nf2 Qg6 33. Qe2 h4
34. gxh4 Bd6 35. Bc1 e5 36. h5 Qf5 37. Ng4 exf4 38. Qe8+ Kh7 39. Kg1 Nd3 40.
Bd2 Ne5 0-1

[Event "XXXV Festival Conca della Presolana Magistrale"]
[Site "Castione della Presolana ITA"]
[Date "2015.08.22"]
[Round "1"]
[White "Ottavi, Marco"]
[Black "Giretti Kanev, Jasen"]
[WhiteElo "1991"]
[BlackElo "2211"]
[Result "0-1"]
[PlyCount "80"]
[EventDate "2015.08.22"]

1. e4 c6 2. d4 d5 3. e5 Bf5 4. Nc3 e6 5. g4 Bg6 6. Nge2 Bb4 7. h4 h5 8. Nf4 Ne7
9. Nxg6 Nxg6 10. gxh5 Nxh4 11. Qg4 Nf5 12. Bd3 g6 13. Rh3 gxh5 14. Qf4 c5 15.
Bxf5 exf5 16. Bd2 cxd4 17. Nb5 Bxd2+ 18. Qxd2 Nc6 19. Nd6+ Kf8 20. O-O-O Nxe5
21. Nxf5 d3 22. Qb4+ Kg8 23. Rg3+ Ng6 24. Qd4 Rh7 25. Rdg1 Rc8 26. Qxd3 Qf6 27.
Qxd5 Kh8 28. Re3 Rd8 29. Rge1 Rg7 30. Qf3 Rh7 31. Re8+ Nf8 32. Qa3 Qg5+ 33.
R8e3 Qxf5 34. Qc3+ f6 35. Rf3 Qg5+ 36. Kb1 Rhd7 37. a3 Rd1+ 38. Rxd1 Rxd1+ 39.
Ka2 Qd5+ 40. b3 Qd4 0-1

[Event "XXXV Festival Conca della Presolana Magistrale"]
[Site "Castione della Presolana ITA"]
[Date "2015.08.22"]
[Round "1"]
[White "Ranieri, Fabrizio"]
[Black "Gentili, Gianguido"]
[WhiteElo "2256"]
[BlackElo "2074"]
[Result "1-0"]
[PlyCount "105"]
[EventDate "2015.08.22"]

1. e4 d6 2. d4 Nf6 3. Nc3 e5 4. Nf3 Nbd7 5. Bc4 Be7 6. h3 c6 7. a4 a5 8. O-O
O-O 9. Bg5 Re8 10. Re1 Bf8 11. Bh4 h6 12. Qd2 Qe7 13. Rad1 Nb6 14. Bb3 Bd7 15.
Bg3 Be6 16. dxe5 dxe5 17. Bxe5 Bxb3 18. cxb3 Nfd7 19. Bd6 Qe6 20. Bxf8 Nxf8 21.
Nd4 Qe7 22. Nf5 Qb4 23. Qd4 Qxd4 24. Rxd4 Ne6 25. Rd3 Nc5 26. Rg3 Ne6 27. Nxh6+
Kf8 28. Nf5 Red8 29. Rge3 g6 30. Nh6 Nd4 31. Rd1 Nxb3 32. Rf3 Rxd1+ 33. Nxd1
Nd2 34. Rxf7+ Ke8 35. Rxb7 Nxa4 36. e5 Nc5 37. Rg7 Ra6 38. Rxg6 Nc4 39. Rg3 Rb6
40. Rc3 Rb4 41. Nf5 Ne4 42. Rc2 Kd7 43. Re2 Nc5 44. Ng7 Ne6 45. Nxe6 Kxe6 46.
f4 Rb5 47. g4 Rd5 48. Ne3 Nxe3 49. Rxe3 Rb5 50. Re2 Rb3 51. f5+ Ke7 52. e6 Rf3
53. Rc2 1-0

[Event "XXXV Festival Conca della Presolana Magistrale"]
[Site "Castione della Presolana ITA"]
[Date "2015.08.22"]
[Round "1"]
[White "Sveshnikov, Vladimir"]
[Black "Bargeri, Ludovico"]
[WhiteElo "2352"]
[BlackElo "2092"]
[Result "0-1"]
[PlyCount "72"]
[EventDate "2015.08.22"]

1. e4 e6 2. Nc3 d5 3. Nf3 Nf6 4. e5 Nfd7 5. d4 c5 6. dxc5 Nc6 7. Bf4 Bxc5 8.
Bd3 f6 9. exf6 Nxf6 10. Qe2 O-O 11. O-O-O a6 12. Kb1 b5 13. Rhe1 Bd7 14. Bg5
Bd6 15. Ne4 Be7 16. Ng3 Qe8 17. c3 Kh8 18. Nd4 Nxd4 19. cxd4 a5 20. Rc1 Bd6 21.
Bc2 b4 22. Qd3 Bb5 23. Qd1 Bd7 24. Qd3 Bb5 25. Qd1 a4 26. Nf5 Qd7 27. Nxd6 Qxd6
28. Re3 b3 29. axb3 axb3 30. Rxb3 Bc4 31. Bxf6 Rxf6 32. Rh3 Ba2+ 33. Ka1 Bb3+
34. Kb1 Ra1+ 35. Kxa1 Qa6+ 36. Kb1 Qa2# 0-1

[Event "XXXV Festival Conca della Presolana Magistrale"]
[Site "Castione della Presolana ITA"]
[Date "2015.08.22"]
[Round "1"]
[White "Ventura, Salvatore"]
[Black "Corvi, Marco"]
[WhiteElo "2083"]
[BlackElo "2322"]
[Result "0-1"]
[PlyCount "94"]
[EventDate "2015.08.22"]

1. c4 f5 2. g3 Nf6 3. Bg2 d6 4. Nc3 g6 5. d3 Bg7 6. e4 O-O 7. Nge2 Nc6 8. O-O
e5 9. Nd5 Be6 10. Bg5 Qd7 11. Qd2 fxe4 12. dxe4 Rf7 13. f3 Raf8 14. Rad1 Kh8
15. b4 b6 16. a3 Ng8 17. Be3 Nd8 18. c5 dxc5 19. bxc5 c6 20. Nb4 a5 21. Nd3 Bb3
22. cxb6 Bxd1 23. Rxd1 Nb7 24. Qc2 Rd8 25. Nc3 Qe6 26. Rc1 Bh6 27. Bxh6 Nxh6
28. Na4 Qd7 29. Ndc5 Qd4+ 30. Kh1 Qd2 31. Qxd2 Rxd2 32. Nxb7 Rxb7 33. Bf1 Nf7
34. Ba6 Ng5 35. Rf1 Rb8 36. b7 Ne6 37. Bc4 Nd8 38. Ba6 Ne6 39. Bc4 Nc7 40. f4
Rd4 41. Bb3 Rxb7 42. Bc2 Rc4 43. Rf2 exf4 44. gxf4 Ne6 45. f5 Nd4 46. Bd1 Rb1
47. Nb2 Rc2 0-1

[Event "XXXV Festival Conca della Presolana Magistrale"]
[Site "Castione della Presolana ITA"]
[Date "2015.08.23"]
[Round "2"]
[White "Aghayev, Miragha"]
[Black "Sveshnikov, Evgeny E."]
[WhiteElo "2354"]
[BlackElo "2508"]
[Result "1/2-1/2"]
[PlyCount "83"]
[EventDate "2015.08.22"]

1. e4 c5 2. Nf3 Nc6 3. d4 cxd4 4. Nxd4 e5 5. Nb5 d6 6. c4 Be7 7. N1c3 a6 8. Na3
Nf6 9. Be2 O-O 10. O-O Be6 11. Nc2 Rc8 12. b3 b5 13. cxb5 Na7 14. Bb2 Nxb5 15.
Bxb5 axb5 16. Nb4 Qa5 17. a3 Qa8 18. Re1 Qb7 19. Rc1 Rc5 20. Ncd5 Nxd5 21. exd5
Rxc1 22. Bxc1 Bd7 23. f4 Bh4 24. g3 Bf6 25. Bb2 Re8 26. Kg2 Qc8 27. h4 h5 28.
Qd2 exf4 29. Bxf6 gxf6 30. Rxe8+ Qxe8 31. Qxf4 Qe2+ 32. Qf2 Bh3+ 33. Kg1 Qe4
34. Kh2 Bg4 35. Qxf6 Qe2+ 36. Kg1 Bf3 37. Qg5+ Kf8 38. Qd8+ Kg7 39. Qg5+ Kh7
40. Qf5+ Kh8 41. Qf6+ Kg8 42. Qg5+ 1/2-1/2

[Event "XXXV Festival Conca della Presolana Magistrale"]
[Site "Castione della Presolana ITA"]
[Date "2015.08.23"]
[Round "2"]
[White "Bargeri, Ludovico"]
[Black "Ferretti, Folco"]
[WhiteElo "2092"]
[BlackElo "2211"]
[Result "1-0"]
[PlyCount "111"]
[EventDate "2015.08.22"]

1. d4 Nf6 2. c4 e6 3. Nc3 Bb4 4. Qc2 d5 5. cxd5 Qxd5 6. Nf3 Qf5 7. Qxf5 exf5 8.
Bd2 O-O 9. g3 c6 10. Bg2 Nbd7 11. O-O Nb6 12. Ne5 Rd8 13. e3 Be6 14. a3 Bd6 15.
f4 Nc4 16. Nxc4 Bxc4 17. Rfc1 Bb3 18. h3 Re8 19. Kf2 Rad8 20. Bf3 Bc7 21. g4
fxg4 22. hxg4 Bb6 23. g5 Nd5 24. Nxd5 Bxd5 25. b4 Rd6 26. a4 a6 27. Rab1 h6 28.
gxh6 Rxh6 29. Rh1 Rxh1 30. Rxh1 f5 31. b5 Bxf3 32. Kxf3 axb5 33. axb5 c5 34.
Bc3 cxd4 35. exd4 Rc8 36. Ba1 Rc4 37. d5 Rb4 38. Rh5 Rb3+ 39. Ke2 Rxb5 40. Rxf5
Ra5 41. Bc3 Rc5 42. Kd3 Rc8 43. Rg5 Rc7 44. Rg6 Bc5 45. Be5 Rd7 46. Kc4 Bf8 47.
d6 Kf7 48. f5 Rd8 49. Kd5 Ra8 50. Bc3 Rd8 51. Bd4 Rd7 52. Re6 Rd8 53. Be5 Rd7
54. Kc5 Kg8 55. Re8 Rf7 56. Kd5 1-0

[Event "XXXV Festival Conca della Presolana Magistrale"]
[Site "Castione della Presolana ITA"]
[Date "2015.08.23"]
[Round "2"]
[White "Brociner, Beniamino"]
[Black "Coppola, Federico"]
[WhiteElo "2167"]
[BlackElo "2092"]
[Result "1/2-1/2"]
[PlyCount "44"]
[EventDate "2015.08.22"]

1. Nf3 Nf6 2. c4 c5 3. g3 d5 4. cxd5 Nxd5 5. Bg2 g6 6. O-O Bg7 7. Nc3 O-O 8.
Nxd5 Qxd5 9. d3 Nc6 10. Be3 Bxb2 11. Nd4 Qd6 12. Nxc6 Bxa1 13. Qxa1 bxc6 14.
Bh6 Qd4 15. Bxf8 Kxf8 16. Qxd4 cxd4 17. Bxc6 Rb8 18. Bd5 Rb2 19. Re1 Bg4 20. f3
Bd7 21. Kf2 Bb5 22. Bc4 Bxc4 1/2-1/2

[Event "XXXV Festival Conca della Presolana Magistrale"]
[Site "Castione della Presolana ITA"]
[Date "2015.08.23"]
[Round "2"]
[White "Cattaneo, Marco"]
[Black "Bonazzi, Edoardo"]
[WhiteElo "2175"]
[BlackElo "2113"]
[Result "1/2-1/2"]
[PlyCount "43"]
[EventDate "2015.08.22"]

1. d4 Nf6 2. Nf3 d5 3. c4 e6 4. Nc3 Be7 5. Bg5 h6 6. Bh4 O-O 7. e3 Ne4 8. Bxe7
Qxe7 9. Rc1 Nxc3 10. Rxc3 dxc4 11. Bxc4 b6 12. O-O Bb7 13. Qe2 Rc8 14. Rfc1 c5
15. Bd3 Nd7 16. Ba6 Bxa6 17. Qxa6 Rc7 18. b4 Rac8 19. bxc5 bxc5 20. dxc5 Nxc5
21. Qb5 Nb7 22. Rxc7 1/2-1/2

[Event "XXXV Festival Conca della Presolana Magistrale"]
[Site "Castione della Presolana ITA"]
[Date "2015.08.23"]
[Round "2"]
[White "Cocconcelli, Lorenzo"]
[Black "Ventura, Salvatore"]
[WhiteElo "2139"]
[BlackElo "2083"]
[Result "1/2-1/2"]
[PlyCount "92"]
[EventDate "2015.08.22"]

1. d4 e6 2. c4 f5 3. Nf3 Nf6 4. g3 d5 5. Bg2 c6 6. O-O Bd6 7. Nc3 O-O 8. Qc2
Ne4 9. Rb1 Nd7 10. b4 Ndf6 11. Bf4 Bxf4 12. gxf4 Bd7 13. e3 b5 14. cxb5 cxb5
15. Nxe4 Nxe4 16. Rfc1 Nd6 17. Ne5 Nc4 18. Qe2 a5 19. a4 Nxe5 20. dxe5 bxa4 21.
b5 Qb6 22. Qa2 Rfc8 23. Rxc8+ Rxc8 24. Bf1 d4 25. Rd1 Bxb5 26. Bxb5 dxe3 27.
Bxa4 exf2+ 28. Qxf2 Qxf2+ 29. Kxf2 Rc4 30. Bb3 Rxf4+ 31. Kg3 Rg4+ 32. Kf3 Rg6
33. Rd8+ Kf7 34. Rd7+ Kf8 35. Ra7 Rh6 36. h4 g5 37. h5 a4 38. Rxa4 Rxh5 39.
Bxe6 Rh3+ 40. Kg2 Re3 41. Ra5 f4 42. Bf5 h5 43. Ra8+ Ke7 44. Ra7+ Kf8 45. e6
Re5 46. Ra8+ Ke7 1/2-1/2

[Event "XXXV Festival Conca della Presolana Magistrale"]
[Site "Castione della Presolana ITA"]
[Date "2015.08.23"]
[Round "2"]
[White "Corvi, Marco"]
[Black "Hunt, Adam C."]
[WhiteElo "2322"]
[BlackElo "2427"]
[Result "1/2-1/2"]
[PlyCount "144"]
[EventDate "2015.08.22"]

1. c4 g6 2. Nc3 Bg7 3. g3 c5 4. Bg2 Nc6 5. Nf3 d6 6. O-O e5 7. Ne1 Be6 8. d3
Nge7 9. Nd5 O-O 10. Nc2 Qd7 11. Rb1 Bh3 12. b4 Bxg2 13. Kxg2 Nxd5 14. cxd5 Nxb4
15. Nxb4 cxb4 16. Rxb4 f5 17. e4 Rac8 18. Bd2 b6 19. Qa4 Qf7 20. f3 Rc7 21. Rc4
Rc5 22. Rxc5 dxc5 23. Qc6 Qe8 24. Qxe8 Rxe8 25. a4 Bf8 26. Kf2 Bd6 27. Ke2 Kf7
28. Rb1 Rb8 29. Bc3 Bc7 30. Rf1 Re8 31. Ke3 Ke7 32. Rb1 Rf8 33. a5 f4+ 34. Ke2
g5 35. gxf4 gxf4 36. axb6 axb6 37. Ra1 Kd6 38. Ra7 Rf7 39. Rb7 Re7 40. Bd2 Bd8
41. Rb8 Bc7 42. Rf8 Kd7 43. Be1 Rg7 44. Bf2 Ke7 45. Rh8 Kd7 46. h4 Bd6 47. Ra8
Rf7 48. Ra6 Bc7 49. Be1 Rf8 50. Bc3 h5 51. Ra7 Re8 52. Kf1 Re7 53. Bd2 Re8 54.
Bc3 Re7 55. Be1 Re8 56. Bd2 Kc8 57. d6 Bxd6 58. Rh7 b5 59. Rxh5 Kd7 60. Rh7+
Ke6 61. h5 c4 62. dxc4 bxc4 63. h6 Bc5 64. Rb7 Rg8 65. h7 Rg1+ 66. Ke2 Rg2+ 67.
Kd1 Rh2 68. Bb4 Bxb4 69. Rxb4 Rxh7 70. Rxc4 Rh2 71. Ke1 Kf6 72. Rc8 Ra2 1/2-1/2

[Event "XXXV Festival Conca della Presolana Magistrale"]
[Site "Castione della Presolana ITA"]
[Date "2015.08.23"]
[Round "2"]
[White "Cugini, Verter"]
[Black "Negro, Roberto"]
[WhiteElo "2089"]
[BlackElo "2169"]
[Result "1-0"]
[PlyCount "129"]
[EventDate "2015.08.22"]

1. e4 c5 2. g3 Nc6 3. Bg2 g6 4. Ne2 Bg7 5. O-O e6 6. c3 Nge7 7. d4 cxd4 8. cxd4
d5 9. exd5 Nxd5 10. Nbc3 O-O 11. Nxd5 exd5 12. Be3 Bg4 13. f3 Bf5 14. g4 Be6
15. Qd2 Re8 16. Rfd1 Qe7 17. Nc3 Rad8 18. Bf2 Qf6 19. h3 h5 20. a3 Kh7 21. b4
Bh6 22. Qd3 h4 23. Ra2 Bf4 24. Re2 Kg7 25. Ree1 g5 26. Ne2 Bb8 27. Qd2 Qh6 28.
Be3 f6 29. f4 gxf4 30. Nxf4 Bxf4 31. Bxf4 Qg6 32. b5 Nb8 33. Qa5 Bf7 34. Qxa7
Rxe1+ 35. Rxe1 Nd7 36. Qxb7 Qd3 37. Re7 Qxd4+ 38. Be3 Qd1+ 39. Kh2 Ne5 40. Bf4
Rf8 41. Bxe5 fxe5 42. Rxe5 Qc1 43. Rf5 Qxa3 44. Qc7 Qg3+ 45. Qxg3 hxg3+ 46.
Kxg3 Rb8 47. Bf1 Be6 48. Rf4 Bd7 49. Rb4 Kf6 50. Kf4 Ke6 51. Bd3 Kd6 52. h4 Kc5
53. Rb2 Kd4 54. Rb3 Rf8+ 55. Kg3 Re8 56. b6 Bc8 57. Bf1 Re1 58. Bg2 Bb7 59. Kf2
Re6 60. h5 Kc4 61. Rb1 Kd4 62. Kg3 Re2 63. h6 Re7 64. g5 Rh7 65. Rh1 1-0

[Event "XXXV Festival Conca della Presolana Magistrale"]
[Site "Castione della Presolana ITA"]
[Date "2015.08.23"]
[Round "2"]
[White "Gennari, Jacopo"]
[Black "Ottavi, Marco"]
[WhiteElo "2125"]
[BlackElo "1991"]
[Result "1/2-1/2"]
[PlyCount "87"]
[EventDate "2015.08.22"]

1. d4 e6 2. c4 Nf6 3. Nc3 Bb4 4. a3 Bxc3+ 5. bxc3 c5 6. f3 d5 7. cxd5 Nxd5 8.
Qd3 Nc6 9. e4 Nb6 10. Be3 cxd4 11. cxd4 O-O 12. f4 f5 13. e5 Nd5 14. Bd2 b5 15.
Nf3 Rb8 16. Be2 Bd7 17. O-O Qe7 18. Rfb1 Rfc8 19. g3 a6 20. Rb2 Be8 21. Bb4
Ndxb4 22. axb4 Nxb4 23. Qa3 a5 24. Qxa5 Nd5 25. Ne1 Bc6 26. Nd3 Ra8 27. Qe1
Rxa1 28. Qxa1 Nc3 29. Bf1 Qd8 30. Rb4 Nd5 31. Rb3 Ne3 32. Nb4 Nxf1 33. Kxf1 Be4
34. Rc3 Kf7 35. Qc1 Ra8 36. Rc7+ Kg6 37. Qc5 Ra1+ 38. Ke2 Qa8 39. Qe7 Ra2+ 40.
Nxa2 Qxa2+ 41. Ke3 Qb3+ 42. Kd2 Qd3+ 43. Ke1 Qb1+ 44. Kd2 1/2-1/2

[Event "XXXV Festival Conca della Presolana Magistrale"]
[Site "Castione della Presolana ITA"]
[Date "2015.08.23"]
[Round "2"]
[White "Gentili, Gianguido"]
[Black "Franciosi, Fausto"]
[WhiteElo "2074"]
[BlackElo "2139"]
[Result "0-1"]
[PlyCount "42"]
[EventDate "2015.08.22"]

1. c4 Nf6 2. d4 g6 3. Nc3 Bg7 4. Nf3 O-O 5. Bg5 c5 6. e3 cxd4 7. exd4 h6 8. Be3
d5 9. Be2 Nc6 10. O-O Be6 11. c5 Ne4 12. Qc1 g5 13. Rd1 f5 14. g3 Qe8 15. h4 f4
16. hxg5 fxe3 17. Qxe3 Qg6 18. Bd3 Rxf3 19. Qxf3 Nxg5 20. Qg2 Qf6 21. Ne2 Bh3
0-1

[Event "XXXV Festival Conca della Presolana Magistrale"]
[Site "Castione della Presolana ITA"]
[Date "2015.08.23"]
[Round "2"]
[White "Giretti Kanev, Jasen"]
[Black "Cebalo, Miso"]
[WhiteElo "2211"]
[BlackElo "2397"]
[Result "0-1"]
[PlyCount "74"]
[EventDate "2015.08.22"]

1. d4 Nf6 2. c4 c5 3. e3 g6 4. Nf3 Bg7 5. Nc3 O-O 6. Be2 cxd4 7. Nxd4 Nc6 8.
O-O d6 9. b3 Bd7 10. Bb2 Qa5 11. a3 Rfc8 12. Rc1 Qd8 13. h3 a6 14. Qd2 Rab8 15.
f4 b5 16. cxb5 Nxd4 17. Qxd4 axb5 18. e4 Ng4 19. e5 dxe5 20. fxe5 Bxe5 21. Qd5
Qb6+ 22. Kh1 Be6 23. Qe4 f5 24. Nd5 fxe4 25. Nxb6 Rxc1 26. Bxc1 Nf6 27. Be3 Bc7
28. Rc1 Bxb6 29. Bf4 Rb7 30. Bxb5 Bxb3 31. Bc6 Ra7 32. Rb1 Rxa3 33. Bc1 Bc2 34.
Rb2 Ra1 35. Rxc2 Be3 36. g4 Rxc1+ 37. Rxc1 Bxc1 0-1